| 000 | nam a22 a 4500 | ||
|---|---|---|---|
| 999 |
_c3522 _d3522 |
||
| 003 | AKMAL | ||
| 005 | 20170523103607.0 | ||
| 008 | 170523s1989 m 00 eng d | ||
| 020 | _a0256075131 | ||
| 040 | _aAKMAL | ||
| 082 | _a658.8 BER | ||
| 090 |
_a658.8 _bBER |
||
| 100 | 1 |
_aBerkowitz, Eric N. _97030 |
|
| 245 | 1 |
_aMarketing / _cEric N. Berkowitz, Roger A. Kerin, William Rudelius |
|
| 250 | _a2nd ed. | ||
| 260 |
_aBoston : _bIrwin, 1989 |
||
| 300 |
_axxv, [759]p. : _bcol. ill. ; _c26cm. |
||
| 504 | _aBibliography : p.702-719 | ||
| 650 |
_aMarketing _97031 |
||
| 700 | 1 |
_aKerin, Roger A. _97032 |
|
| 700 | 1 |
_aRudelius, William _97033 |
|
| 942 |
_2ddc _cBOOK |
||